000
00317nam a2200133Ia 4500
008
220216s9999 xx 000 0 und d
245
0
_a
NR: Plans for the future
260
_b
Rubber Asia
_c
2014
300
_a
174-176
500
_a
Source Year: 2014
650
_a
Natural rubber
650
_a
Sri Lanka
942
_c
JS
999
_c
64204
_d
64204